000 00537nam a2200217Ia 4500
003 OSt
005 20220928141134.0
006 a|||||r|||| 00| 0
007 ta
008 220927b |||||||| |||| 00| 0 eng d
024 _a13832
037 _cTextual
040 _aSDCL
_cSDCL
_beng
041 _2eng
_aeng
082 _aO-,8J73x, M2
100 _aHester Thomas
_9499217
245 0 _aKinde Pitty and brave scorn.
260 _c1982
942 _hO-,8J73x, M2
_cTEXL
_2CC
999 _c816241
_d816241